| 000 -Cabeçalho |
| Cabeçalho |
00568nam 22001933 4500 |
| 001 - Identificador do registo |
| Identificador do registo |
32535 |
| 090 ## - Número de controle KOHA |
| Número biblioitem KOHA |
32535 |
| 100 ## - Dados gerais de processamento |
| Dados gerais de processamento |
20260310d u||y0pory50 ba |
| 101 ## - Língua da publicação |
| Língua do texto, banda sonora, etc. |
Inglês |
| 200 ## - Título e menção de responsabilidade |
| Título próprio |
Principles of Physical Oceanography |
| Primeira menção de responsabilidade |
Gerhard Neumann |
| Outras menções de responsabilidade |
Willard J. Pierson, Jr. |
| 210 ## - Publicação, distribuição, etc. |
| Lugar da edição, distribuição, etc. |
EUA |
| Nome do editor, distribuidor, etc. |
Prentice- Hall |
| Data da publicação, distribuição, etc. |
1966 |
| 215 ## - Descrição física |
| Tipo do material e extensão do item |
545 p. |
| Dimensões |
28 cm |
| 317 ## - Nota de proveniência |
| Instituição e exemplar a que o campo se aplica |
Serviço Meteorológico Nacional |
| 500 ## - Título uniforme |
| Título uniforme |
Principles of Physical Oceanography |
| 606 ## - Nome comum usado como assunto |
| Subdivisão de assunto |
Oceanografia |
| ID Autoridade |
23714 |
| 700 ## - Nome de pessoa - responsabilidade principal |
| Palavra de ordem |
Neumann |
| Outra parte do nome não tomada para palavra de ordem |
Gerhard |
| ID Autoridade |
23715 |
| 701 ## - Nome de pessoa - co-responsabilidade principal |
| Palavra de ordem |
Jr. |
| Outra parte do nome não tomada para palavra de ordem |
Willard J. pierson |
| ID Autoridade |
23716 |
| 801 ## - Fonte de origem |
| Regras de catalogação |
ISBD |
| 942 ## - Informação adicional KOHA |
| Inibição de acesso no OPAC |
Não |